000 00612cam a22002053a 4500
001 44608
003 PGUSA
005 20140828084022.0
008 140107s2014||||xxu|||||s|||||000 | eng d
040 _aPGUSA
_beng
042 _adc
100 1 _aBabur, Emperor of Hindustan
245 1 4 _aThe Bābur-nāma in English :
_bMemoirs of Bābur
_h[electronic resource] /
_cEmperor of Hindustan Babur
260 _bProject Gutenberg,
_c2014
506 _aPublic domain in the USA.
516 _aElectronic text
830 0 _aProject Gutenberg
_v44608
856 4 0 _uhttp://www.gutenberg.org/ebooks/44608
942 _cEB
999 _c273859
_d273859